000 00542nam a22001697a 4500
005 20251108164320.0
008 250721s1995 xx 000 0 ara d
082 1 4 _a355.43/مصط
100 1 _aمحمد، مصطفى كامل
245 1 0 _aالتوازن الإستراتيجي في الشرق الأوسط و دور مصر /
264 1 _aالقاهرة :
_bمركز الأهرام للترجمة والنشر،
_c1995.
300 _a247ص
650 1 7 _aالإستراتيجية
650 1 7 _aمصر
942 _2ddc
_cBK
999 _c9125
_d9125